Manufacturing Technology (Record no. 33446)

000 -LEADER
fixed length control field 00403nam a22001817a 4500
003 - CONTROL NUMBER IDENTIFIER
control field NUST
020 ## - INTERNATIONAL STANDARD BOOK NUMBER
International Standard Book Number 9788131722275
038 ## - RECORD CONTENT LICENSOR
Staff Name khadija
082 ## - DEWEY DECIMAL CLASSIFICATION NUMBER
Classification number 670.42
Author Mark SIN
100 ## - MAIN ENTRY--PERSONAL NAME
Personal name Singh, D. K.
9 (RLIN) 86676
245 ## - TITLE STATEMENT
Title Manufacturing Technology
250 ## - EDITION STATEMENT
Edition statement 2nd ed.
260 ## - PUBLICATION, DISTRIBUTION, ETC.
Place of publication, distribution, etc. New Delhi :
Name of publisher, distributor, etc. Pearson,
Date of publication, distribution, etc. 2009.
300 ## - PHYSICAL DESCRIPTION
Extent i v p. ;
Other physical details 24 cm.
500 ## - GENERAL NOTE
General note Paperback.
563 ## - BINDING INFORMATION
Binding note PB
942 ## - ADDED ENTRY ELEMENTS (KOHA)
Koha item type Book
Source of classification or shelving scheme
Holdings
Withdrawn status Lost status Source of classification or shelving scheme Damaged status Not for loan Permanent Location Current Location Shelving location Date acquired Full call number Barcode Date last seen Price effective from Koha item type Total Checkouts Date last checked out
          Central Library (CL) Central Library (CL)   05/12/2016 670.42 SIN SMME-2953 03/21/2019 05/12/2016 Book 1 01/24/2019
          School of Mechanical & Manufacturing Engineering (SMME) School of Mechanical & Manufacturing Engineering (SMME) General Stacks 04/27/2016 670.42 SIN SMME-2521 04/05/2018 04/27/2016 Book    
© 2023 Central Library, National University of Sciences and Technology. All Rights Reserved.